00537nam a2200169Ia 4500008004100000020001800041041000800059082001300067100005600080245001600136250000600152260003900158300001400197650001500211999001900226952012200245210716s2010 xx 000 0 und d a9788131725153 aeng a658 HITM aHitt, Michael A; Black, J Stewart; Porter, Lyman W. aManagement. a2 aNew DelhibPearson Educationc2010 axviii,533 aMANAGEMENT c205598d205598 001040708MBAaAIMITbAIMITd2010-09-15g525.00l0o658 HITMpMBA08164r2026-05-23 00:00:00v393.75w2021-07-16yBK